000 00717nam a2200193 a 4500
005 20240813063751.0
008 991125s1992 bar 000 0 spa u
020 _a8479370564
035 _aUPN01000037005
049 _aC
050 4 _aAE61 M37
245 0 0 _aMaster :
_benciclopedia temática
260 _aBarcelona, Esp. :
_bOlimpo,
_c1992
300 _a12 v. :
_bil.
505 _aContenido: v.1. Geografía universal -- v.2. Arqueología, historia universal -- v.3. Religiones, filosofía, sociología, política, derecho -- v.4. Arte, música, cine -- v.5. Tecnología, introducción a la informática y diccionari
650 4 _aEnciclopedias y diccionarios
_92648
904 _aAC
_b037006
905 _aLibro
999 _c37005
_d37005